000 00692nam a2200217 a 4500
001 000022194
005 20200930011626.0
008 100917s1973 ck r 000 e spa d
040 _aDO-SdBNP
_bspa
_cBNPHU
082 _aC864.42
_bG643L, 1973
100 1 _aGonzález, Fernando
_945915
245 1 0 _aLibros de los viajes o de las presencias /
_cFernando González.
250 _a2a ed.
260 _aMedellín, República de Colombia :
_bBedout,
_c1973.
300 _a219, [2] P. ;
_c18 cm.
490 1 _aBolsilibros bedout
_v142
650 4 _aEnsayos colombianos
_914811
650 4 _aLiteratura colombiana
_ySIGLO XX
_914409
830 0 _aBolsilibros bedout ;
_v142
_93750
049 _aBNGR
999 _c21692
_d21692